Patton's ghost corps : cracking the Siegfried Line /

Bibliographic Details
Main Author: Prefer, Nathan
Format: Book
Language:English
Published: Novato, Calif. : Presidio, [1998]
Subjects:

MARC

Tag First Indicator Second Indicator Subfields
LEADER 00000cam a2200000 a 4500
001 in00001402597
005 20151020055439.0
008 970910s1998 cauabef b 001 0deng
010 |a  97040407  
020 |a 0891416463 
035 |a (OCoLC)37640575 
035 |9 AHN4488AM 
040 |a DLC  |c DLC  |d TXA  |d UtOrBLW 
043 |a e-gx---  |a ew----- 
049 |a TXAM 
050 0 0 |a D756.3  |b .P74 1998 
082 0 0 |a 940.54/21  |2 21 
100 1 |a Prefer, Nathan. 
245 1 0 |a Patton's ghost corps :  |b cracking the Siegfried Line /  |c Nathan N. Prefer. 
264 1 |a Novato, Calif. :  |b Presidio,  |c [1998] 
264 4 |c ©1998 
300 |a xiii, 243 pages, 12 unnumbered pages of plates :  |b illustrations, map, plans ;  |c 23 cm. 
336 |a text  |b txt  |2 rdacontent 
337 |a unmediated  |b n  |2 rdamedia 
338 |a volume  |b nc  |2 rdacarrier 
500 |a The Cushing Library/Ragan Military copy is a gift of Ann, Fred, and Tracie Burns for the Major Curtis Burns '52 Aviation Collection. 
504 |a Includes bibliographical references (pages 229-233) and index. 
650 0 |a World War, 1939-1945  |x Campaigns  |z Western Front. 
651 0 |a Siegfried Line (Germany) 
600 1 0 |a Patton, George S.  |q (George Smith),  |d 1885-1945. 
948 |a c:dm 
999 |a MARS 
999 f f |s 810ce706-4b34-3416-855d-556f49e09a46  |i adc3d4f9-8cc9-3c28-9e3f-0a60f3c7b144  |t 0 
952 f f |p noncirc  |a Texas A&M University  |b College Station  |c Cushing Memorial Library & Archives  |s cush mil  |d Cushing: Ragan Military (Does not check out)  |t 0  |e D756.3 .P74 1998  |h Library of Congress classification  |i unmediated -- volume  |m A14852151902 
952 f f |p ric  |a Texas A&M University  |b Rellis Campus  |c Joint Library Facility  |s JLF  |d Remote Storage  |t 0  |e D756.3 .P74 1998  |h Library of Congress classification  |i unmediated -- volume  |m A14828529473 
998 f f |a D756.3 .P74 1998  |t 0  |l Remote Storage 
998 f f |a D756.3 .P74 1998  |t 0  |l Cushing: Ragan Military (Does not check out)